The Tomb Of Dr Theseus Don't Let The Eagleheads Find You / (Record no. 187836)

MARC details
000 -LEADER
fixed length control field 00812nam a2200265 i 4500
005 - DATE AND TIME OF LATEST TRANSACTION
control field 20220531105103.0
008 - FIXED-LENGTH DATA ELEMENTS--GENERAL INFORMATION
fixed length control field 220531t20102010si ||||e |||| 00| f eng d
020 ## - INTERNATIONAL STANDARD BOOK NUMBER
International Standard Book Number 9789814193924
Qualifying information paperback
040 ## - CATALOGING SOURCE
Original cataloging agency PPAK
Language of cataloging eng
Transcribing agency PPAK
Description conventions rda
082 04 - DEWEY DECIMAL CLASSIFICATION NUMBER
Edition number 23
Classification number 823.92
090 00 - LOCALLY ASSIGNED LC-TYPE CALL NUMBER (OCLC); LOCAL CALL NUMBER (RLIN)
Classification number (OCLC) (R) ; Classification number, CALL (RLIN) (NR) 823.92
Feature heading LEE
Feature heading KAO
100 1# - MAIN ENTRY--PERSONAL NAME
Personal name Lee, James,
Dates associated with a name 1947-
Relator term author.
245 14 - TITLE STATEMENT
Title The Tomb Of Dr Theseus Don't Let The Eagleheads Find You /
Statement of responsibility, etc. JAMES LEE
246 3# - VARYING FORM OF TITLE
Title proper/short title The Tomb Of Dr Theseus
264 #1 - PRODUCTION, PUBLICATION, DISTRIBUTION, MANUFACTURE, AND COPYRIGHT NOTICE
Place of production, publication, distribution, manufacture Singapore :
Name of producer, publisher, distributor, manufacturer Angsana Books,
Date of production, publication, distribution, manufacture, or copyright notice [2010]
Date of production, publication, distribution, manufacture, or copyright notice ©2010
300 ## - PHYSICAL DESCRIPTION
Extent 126 pages ;
Dimensions 19 cm
336 ## - CONTENT TYPE
Source rdacontent
Content type term text
337 ## - MEDIA TYPE
Source rdamedia
Media type term unmediated
338 ## - CARRIER TYPE
Source rdacarrier
Carrier type term volume
490 1# - SERIES STATEMENT
Series statement Mr Midnight ;
Volume/sequential designation #62
650 10 - SUBJECT ADDED ENTRY--TOPICAL TERM
Topical term or geographic name entry element Horror tales, English
Geographic subdivision Singapore
830 #0 - SERIES ADDED ENTRY--UNIFORM TITLE
Uniform title Mr Midnight ;
Volume/sequential designation #62
942 ## - ADDED ENTRY ELEMENTS (KOHA)
Source of classification or shelving scheme Dewey Decimal Classification
Koha item type Book
Holdings
Withdrawn Not for loan Current library Shelving location Date acquired Full call number Barcode Date last seen Koha item type
  Not For Loan Perpustakaan Jitra Koleksi Asmah Haji Omar 08/06/2022 KAO 823.92 LEE KAO001023 08/06/2022 Book